[Event "Al Ain U20 op 1st"]
[Site "Al Ain"]
[Date "2017.12.31"]
[Round "3"]
[White "Jasmeher, Singh Kathuria"]
[Black "Al Hosani, Omran"]
[Result "0-1"]
[WhiteElo "1593"]
[BlackElo "2116"]
[PlyCount "52"]
[EventDate "2017.12.30"]
[EventType "swiss"]
[EventRounds "9"]
[EventCountry "UAE"]
[SourceTitle "CBM 182 Extra"]
[Source "ChessBase"]
[SourceDate "2018.02.23"]
[SourceVersion "1"]
[SourceVersionDate "2018.02.23"]
[SourceQuality "1"]

1. e4 c5 2. d4 cxd4 3. c3 Nf6 4. e5 Nd5 5. Nf3 e6 6. cxd4 d6 7. a3 Bd7 8. Bd3 Bc6 9. 0-0 Nd7 10. Qe2 dxe5 11. dxe5 Be7 12. b4 a6 13. Bd2 Nc7 14. Bc3 Nd5 15. Bd2 Rc8 16. Rc1 N7b6 17. Nc3 Nxc3 18. Bxc3 Nd5 19. Bd2 Qd7 20. Ng5 Rd8 21. Qf3 Nf6 22. Rxc6 bxc6 23. Bc4 Qxd2 24. Qxc6+ Qd7 25. Qxa6 Qd4 26. Qb5+ Nd7 0-1